Random Swedish words - Statistics

General Stats
  • This quiz has been taken 106 times
  • The average score is 29 of 50
Answer Stats
Swedish word English translation % Correct
Fisk Fish
97%
Sverige Sweden
94%
Skolbuss Schoolbus
90%
Svenska Swedish
87%
Bra Good
86%
Franska French
85%
Dörr Door
81%
Frankrike France
81%
Danska Danish
79%
Glad Happy
78%
Stol Chair
77%
Kyrka Church
76%
Tågstation Trainstation
76%
Regn Rain
74%
Tyskland Germany
72%
Hjärta Heart
72%
Bord Table
72%
Dåligt Bad
71%
Båt Boat
71%
Roligt Funny
71%
Fönster Window
71%
Säng Bed
70%
Sextiosju Sixtyseven
67%
Ögon Eyes
66%
Polen Poland
66%
Fladdermus Bat
65%
Trettiofem thirty five
65%
Spel Game
63%
Livet Life
60%
Droppe Drop
58%
Himmel Sky
58%
Hav Sea
56%
trehundrafemtiofem threehundredfiftyfive
56%
Stjärna Star
50%
Golv Floor
43%
Sjuksjöterska Nurse
40%
Ubåt Submarine
37%
Sant True
37%
Tråkigt Boring
35%
Tak Roof
34%
Solsken Sunshine
34%
Tidsglas Hourglass
33%
Kudde Pillow
31%
Tesked Teaspoon
26%
Skepp Ship
24%
Räka Shrimp
23%
Skämt Joke
20%
Pill Arrow
19%
Sikta Aim
17%
Pillbåge Bow
17%
No matching quizzes found
Score Distribution
Percent of People with Each Score
Percentile by Number Answered
Your Score History
You have not taken this quiz